College mathematics: for business, economics, life sciences and social sciences/

Na minha lista:
Detalhes bibliográficos
Autor principal: Barnett Raymond A.
Outros Autores: Ziegler, M., Byleen, K.
Formato: Livro
Publicado em: London: Person education ltd, c2008.
Assuntos:
Tags: Adicionar Tag
Sem tags, seja o primeiro a adicionar uma tag!

MARC

LEADER 00000nam a22000007a 4500
005 20260419114725.0
020 |a 0132355744  |c TZS 29,500/= 
020 |a 9780132355742 
040 |a MCCL  |b eng.  |e AACR 2nd rev. ed. 
082 |a 510 BAR 
100 |a Barnett Raymond A. 
245 |a College mathematics:  |b for business, economics, life sciences and social sciences/  |c Raymond A. Barnett, michael R. Ziegler & Karl E. Byleen 
260 |a London:  |b Person education ltd,  |c c2008. 
300 |a xiv,973 p.:  |b ill.col.;  |c 24 cm. 
504 |a includes index 
546 |a eng. 
650 |a Mathematics 
700 |a Ziegler, M. 
700 |a Byleen, K. 
942 |c BK 
999 |c 12705  |d 12705